LEADER 02101oam 2200529 450 001 9910704282803321 005 20160111130129.0 035 $a(CKB)5470000002438844 035 $a(OCoLC)885119666 035 $a(EXLCZ)995470000002438844 100 $a20140802d1957 ua 0 101 0 $aeng 135 $aurn|||||||||| 181 $ctxt$2rdacontent 182 $cc$2rdamedia 183 $acr$2rdacarrier 200 10$aDescription of indicator plants and methods of botanical prospecting for uranium deposits on the Colorado Plateau /$fby Helen L. Cannon 210 1$a[Washington, D.C.] :$cUnited States Department of the Interior, Geological Survey,$d1957. 210 2$aWashington :$cUnited States Government Printing Office. 215 $a1 online resource (iv, 399-516 pages) $cillustrations, map, photographs 225 1 $aGeological Survey bulletin ;$v1030-M 225 1 $aA contribution to the geology of uranium 300 $aTitle from title screen (viewed July 22, 2014). 300 $a"This report concerns work done on behalf of the U.S. Atomic Energy Commission and is published with the permission of the Commission." 320 $aIncludes bibliographical references (page 411) and index. 606 $aBiogeochemical prospecting$zColorado Plateau 606 $aPlant indicators$zColorado Plateau 606 $aBiogeochemical prospecting$2fast 606 $aPlant indicators$2fast 607 $aUnited States$zColorado Plateau$2fast 615 0$aBiogeochemical prospecting 615 0$aPlant indicators 615 7$aBiogeochemical prospecting. 615 7$aPlant indicators. 700 $aCannon$b Helen L.$f1911-1996,$01389426 712 02$aGeological Survey (U.S.), 712 02$aU.S. Atomic Energy Commission, 801 0$bCOP 801 1$bCOP 801 2$bOCLCO 801 2$bOCLCA 801 2$bOCLCF 801 2$bGPO 906 $aBOOK 912 $a9910704282803321 996 $aDescription of indicator plants and methods of botanical prospecting for uranium deposits on the Colorado Plateau$93517367 997 $aUNINA LEADER 05087nam 2200673Ia 450 001 9910963328603321 005 20251117100015.0 010 $a1-55844-223-5 035 $a(CKB)2670000000332851 035 $a(EBL)3327981 035 $a(SSID)ssj0000820729 035 $a(PQKBManifestationID)12332076 035 $a(PQKBTitleCode)TC0000820729 035 $a(PQKBWorkID)10863605 035 $a(PQKB)10556484 035 $a(Au-PeEL)EBL3327981 035 $a(CaPaEBR)ebr10632286 035 $a(OCoLC)923213610 035 $a(MiAaPQ)EBC3327981 035 $a(BIP)42484691 035 $a(BIP)34101818 035 $a(EXLCZ)992670000000332851 100 $a20110203d2011 uy 0 101 0 $aeng 135 $aur|n|---||||| 181 $ctxt 182 $cc 183 $acr 200 00$aClimate change and land policies /$fedited by Gregory K. Ingram and Yu-Hung Hong 205 $a1st ed. 210 $aCambridge, MA $cLincoln Institute of Land Policy$dc2011 215 $a1 online resource (498 p.) 225 1 $aLand Policy Series ;$vv.5 300 $aConference proceedings. 311 08$a1-55844-217-0 320 $aIncludes bibliographical references and index. 327 $a""Table of Contents""; ""List of Illustrations""; ""Preface""; ""Introduction""; ""1 Land Policies in the Face of Climate Change - Gregory K. Ingram and Yu-Hung Hong""; ""Chapter 1: Land Policies in the Face of Climate Change ""; ""Climate Change and Risk Assessment""; ""2 Preparing for Rising Water Along U.S. Coastlines - Bruce Babbitt""; ""3 Sea-Level Rise and Coastal Zone Management - Robert J. Nicholls""; ""Commentary - Douglas Meffert""; ""4 The Impact of Climate Change on Land - Robert Mendelsohn""; ""Commentary - W. David Montgomery"" 327 $a""Chapter 2: Preparing for Rising Water Along U.S. Coastlines """"Chapter 3: Sea-Level Rise and Coastal Zone Management ""; ""Chapter 4: The Impact of Climate Change on Land""; ""Climate Change Policies and Land Use""; ""5 Alternative Energy Sources and Land Use - Clinton J. Andrews, Lisa Dewey-Mattia, Judd M. Schechtman, and Mathias Mayr""; ""Commentary - Gordon Walker""; ""6 Integrating Adaptation and Mitigation in Local Climate Change Planning - Elisabeth M. Hamin""; ""Commentary - Kirsten H. Engel""; ""Chapter 5: Alternative Energy Sources and Land Use "" 327 $a""Chapter 6: Integrating Adaptation and Mitigation in Local Climate Change Planning """"Urban Form,Transportation, and Emissions""; ""7 Land Use and Vehicle Miles of Travel in the Climate Change Debate: Getting Smarter Than Your Average Bear - Marlon G. Boarnet, Douglas Houston, Gavin Ferguson, and Steven Spears""; ""Commentary - Kenneth A. Small""; ""8 The Decline in Transit-Sustaining Densities in U.S. Cities, 1910a???2000 - Shlomo Angel, Alejandro Blei, Jason Parent, and Daniel A. Civco""; ""Commentary - Susan Handy"" 327 $a""9 Prediction of Transportation Outcomes for LEED-ND Pilot Projects - Reid Ewing, Colin Quinn-Hurst, Lauren Brown, Meghan Bogaerts, Michael Greenwald, Ming Zhang, and Lawrence Frank""""Commentary - Judith A. Layzer""; ""10 Congestion Pricing: An Overview of Experience and Impacts - Kiran Bhatt""; ""Commentary - Thomas Light""; ""Chapter 7: Land Use and Vehicle Miles of Travel in the Climate Change Debate: Getting Smarter Than Your Average Bear ""; ""Chapter 8: The Decline in Transit-Sustaining Densities in U.S. Cities, 1910a???2000 "" 327 $a""13 Do U.S. Policy Makers Have Better Alternatives to Cap and Trade? - Ian W. H. Parry and Roberton C. Williams III"" 330 $aDeveloping policies that will keep climate change in check has become a global priority, as increasing greenhouse gas emissions contribute to extreme weather patterns. If these emissions remain unabated, changes in global temperatures and the subsequent relocation of human settlements and economic activities will have huge economic and social impacts on the world's population. The 2010 annual Land Policy Conference provided a forum for international scholars and policy makers to discuss topics including the impacts of climate change on land use; how energy and climate change policies affect land resource allocation and land use planning; relationships among urban form, transportation, and CO2 emissions; market-based approaches to environmental conservation; and global ability to deal with climate change and land management. 410 0$aLand Policy Series 606 $aLand use, Urban$vCongresses 606 $aClimatic changes$xGovernment policy$vCongresses 606 $aClimatic changes$xEnvironmental aspects$vCongresses 615 0$aLand use, Urban 615 0$aClimatic changes$xGovernment policy 615 0$aClimatic changes$xEnvironmental aspects 676 $a333.7313 701 $aIngram$b Gregory K$0261849 701 $aHong$b Yu-hung$0869255 801 0$bMiAaPQ 801 1$bMiAaPQ 801 2$bMiAaPQ 906 $aBOOK 912 $a9910963328603321 996 $aClimate change and land policies$94479559 997 $aUNINA